000 01527nam a2200169Ia 4500
005 20250714155852.0
008 250714s9999 xx 000 0 und d
020 _a9780140448092
082 _a937.01
_bLIV
100 _aLivy, Titus
245 4 _aThe Early History of Rome
260 _bPenguin Classics
_c2002
300 _a500 pages
500 _aWith stylistic brilliance and historical imagination, the first five books of Livy's monumental history of Rome record events from the foundation of Rome through the history of the seven kings, the establishment of the Republic and its internal struggles, up to Rome's recovery after the fierce Gallic invasion of the fourth century B.C. Livy vividly depicts the great characters, legends, and tales, including the story of Romulus and Remus. Reprinting Robert Ogilvie's lucid 1971 introduction, this highly regarded edition now boasts a new preface, examining the text in light of recent Livy scholarship, informative maps, bibliography, and an index. For more than seventy years, Penguin has been the leading publisher of classic literature in the English-speaking world. With more than 1,700 titles, Penguin Classics represents a global bookshelf of the best works throughout history and across genres and disciplines. Readers trust the series to provide authoritative texts enhanced by introductions and notes by distinguished scholars and contemporary authors, as well as up-to-date translations by award-winning translators.
650 _aHistory
942 _cENGLISH
999 _c575834
_d575834